| 000 | 01756nam a2200433 i 4500 | ||
|---|---|---|---|
| 001 | 194998 | ||
| 003 | SpMaBN | ||
| 005 | 20250913172024.0 | ||
| 007 | ta | ||
| 008 | 240523s2015 sp a | |||| 001 0 spa | ||
| 017 |
_aZA 48-2015 _bOficina Depósito Legal Zamora |
||
| 020 | _a9788493985127 | ||
| 035 | _a(OCoLC)922106359 | ||
| 035 | _aa5674346 | ||
| 040 |
_aSpMaBN _bspa _cSpMaBN _erdc _dES-MaACL |
||
| 080 | _a27 Junípero Serra, Beato | ||
| 080 | _a27 Gómez Canedo, Lino | ||
| 100 | 1 |
_aSoto Pérez, José Luis _0XX1059771 _9166658 |
|
| 245 | 1 | 0 |
_aJunípero Serra en la vida y obra de Lino Gómez Canedo : _bhechos, textos y comentarios / _cJosé Luis Soto Pérez. |
| 260 |
_aSantiago de Compostela : _bOrden de Frailes Menores, _c2015. |
||
| 300 |
_a339 p. : _bil., mapas, plano ; _c24 cm |
||
| 336 |
_aTexto (visual) _2isbdcontent |
||
| 337 |
_asin mediación _2isbdmedia |
||
| 338 |
_2rdacarrier _avolumen |
||
| 490 | 1 |
_aErudición y conventualidad ; _v1 |
|
| 500 | _aIncluye apéndice documental | ||
| 500 | _aCatalogación provisional. Signatura: N 8671. Depósito J. | ||
| 504 | _aIncluye referencias bibliográficas e índices | ||
| 600 | 0 |
_aJunípero Serra, _cSanto, _d1713-1784- _xInfluencia _9236633 |
|
| 600 | 1 | 4 |
_aGómez Canedo, Lino, _d1908-1990 _2embne _957855 |
| 830 |
_9225761 _aErudición y conventualidad ; _v1 |
||
| 852 |
_aES-MaACL _bR.152764 _cDEPOJ _jN-8671 _hDonación: José Luis Soto Pérez _9202662 _zEn proceso |
||
| 903 |
_9166658 _aSoto Pérez, José Luis _ednr |
||
| 942 |
_n0 _cMONOGRAFIA |
||
| 999 |
_c194998 _d194998 |
||